[Event "Detroit op"]
[Site "Detroit"]
[Date "2003.02.15"]
[Round "4"]
[White "Moore, Charde"]
[Black "Thach, Scott"]
[Result "1/2-1/2"]
[WhiteElo "1068"]
[BlackElo "1336"]
[PlyCount "50"]
[EventDate "2003.02.15"]
[EventType "swiss"]
[EventRounds "4"]
[EventCountry "USA"]
[SourceTitle "EXT 2007"]
[Source "ChessBase"]
[SourceDate "2006.11.23"]
[SourceVersion "1"]
[SourceVersionDate "2006.11.23"]
[SourceQuality "1"]

1. d4 e6 2. Nf3 b6 3. e3 Bb7 4. Nbd2 c5 5. b3 cxd4 6. exd4 Nf6 7. Bd3 Be7 8. Bb2 0-0 9. 0-0 Nc6 10. a3 d5 11. Re1 Nd7 12. c4 Bf6 13. cxd5 exd5 14. Ne5 Bxe5 15. dxe5 Nc5 16. Bc2 d4 17. b4 Nd7 18. Nf3 Re8 19. Bxd4 Nxd4 20. Nxd4 Rxe5 21. Rxe5 Nxe5 22. Nf5 Qg5 23. Ng3 Rd8 24. Qe1 Re8 25. Kh1 g6 1/2-1/2